000 00375nam 22001333 4500
001 32582
090 _a32582
100 _a20260316d u||y0pory50 ba
101 _aeng
200 _aForest Fire Research
_eDocumento Base, Coimbra 19/22 November 1990
_fFátima Guedes
_gVictor Hugo
210 _aInternational Conference on Forest Fire Research
317 _5INMG
801 _gISBD
942 _n0